| 000 | 00470nam a2200205Ia 4500 | ||
|---|---|---|---|
| 008 | 170918s9999 xx 000 0 und d | ||
| 020 | _a439863562 | ||
| 050 | _bG776vo 2005 | ||
| 100 | _aGraves, Damien | ||
| 245 | _aVoices / | ||
| 245 | _cby Damien Graves. | ||
| 260 | _aNew York : | ||
| 260 | _bScholastic, | ||
| 260 | _c2005 | ||
| 300 | _a163 pages : | ||
| 300 | _billustrations ; | ||
| 300 | _c19cm. | ||
| 300 | _eThe midnight library. | ||
| 500 | _a750 | ||
| 999 |
_c343569 _d343569 |
||